7 merveilles du Monde Antique - Statistiques

Statistiques générales
  • Ce quiz a été pris 305 fois
  • Le résultat moyen est 3 sur 7
Statistiques - réponses
Localisation Réponse % Correct
Grèce Colosse de Rhodes
72%
Irak Jardins suspendus de Babylone
70%
Egypte Phare d'Alexandrie
64%
Egypte Pyramides de Gizeh
45%
Turquie Mausolée d'Halicarnasse
37%
Grèce Statue de Zeus à Olympie
16%
Turquie Le temple d'Artémis à Éphèse
11%
Aucun quiz correspondant
Distribution des résultats
% des personnes avec chaque résultat
Percentile par nombre de réponses
Votre historique - résultats
Vous n’avez pas pris ce quiz